21st Century Australian Prime Ministers - Statistics

General Stats
  • This quiz has been taken 25 times
  • The average score is 6 of 7
Answer Stats
Answer % Correct
Anthony Albanese
100%
Julia Gillard
92%
Kevin Rudd
92%
Scott Morrison
92%
Tony Abbott
92%
John Howard
83%
Malcolm Turnbull
83%
No matching quizzes found
Score Distribution
Percent of People with Each Score
Percentile by Number Answered
Your Score History
You have not taken this quiz